Countries With No Official Flag Carrier Airlines - Statistics

General Stats
  • This quiz has been taken 590 times
  • The average score is 28 of 56
Answer Stats
Hint Answer % Correct
Europe Andorra
76%
Europe San Marino
72%
Europe Monaco
70%
Europe Liechtenstein
64%
Europe Albania
63%
South America Paraguay
62%
South America Uruguay
61%
North America Barbados
58%
North America Belize
58%
North America Honduras
58%
Europe Kosovo
58%
South America Peru
58%
North America Saint Kitts and Nevis
58%
North America Saint Lucia
58%
North America Antigua and Barbuda
57%
Europe Vatican City
57%
North America Dominica
56%
North America Guatemala
56%
Europe Macedonia
56%
North America Nicaragua
55%
Europe Slovakia
55%
North America El Salvador
54%
Africa Lesotho
54%
Europe Lithuania
53%
North America Grenada
52%
Africa Niger
52%
Africa Democratic Republic of the Congo
51%
Africa Togo
51%
Africa Guinea
50%
Africa Somalia
50%
Africa South Sudan
50%
Africa Mali
48%
Oceania Tonga
48%
Oceania Tuvalu
48%
Africa Benin
47%
Oceania Palau
47%
Africa Republic of the Congo
46%
North America Dominican Republic
45%
Africa Guinea-Bissau
45%
Africa Liberia
45%
South America Brazil
43%
Oceania Federated States of Micronesia
43%
Europe Hungary
43%
Oceania Marshall Islands
43%
Africa Ghana
42%
Africa Zambia
42%
Africa Comoros
40%
Africa Gabon
39%
Africa Nigeria
38%
Africa Senegal
38%
Asia East Timor
37%
North America United States
37%
Asia Armenia
32%
Africa Central African Republic
27%
Europe Greece
26%
Asia Kyrgyzstan
23%
No matching quizzes found
Score Distribution
Percent of People with Each Score
Percentile by Number Answered
Your Score History
You have not taken this quiz